000 00781nam a2200205 i 4500
001 187228
003 SpMaBN
005 20230906222841.0
008 170516s1978 sp bf |||| | spa d
080 _a016:912(728.2)
080 _a016:912(726.4)
100 1 _aCalderón Quijano, José Antonio.
_933626
245 1 0 _aCartografia de Belice y Yucatán /
_cJosé Antonio Calderón Quijano.
260 _aSevilla :
_bEscuela de Estudios Hispano-Americanos,
_c1978.
300 _a39 p., [8] h. de map., [22] p. de map. (algunas pleg.) ;
_c25 cm.
651 7 _aBelice-
_vMapas.
_9162690
651 7 _aYucatán (Península)-
_vMapas.
_9162691
710 2 _aEscuela de Estudios Hispano-Americanos (Sevilla)
_9134366
852 _aES-MaACL
_jL-31573
_z. - Dedicatoria autógrafa del autor
999 _c187228
_d187228